Alarm bells! divine: (Record no. 41212)

MARC details
000 -LEADER
fixed length control field 00789nam a22002057a 4500
010 ## - LCCN (DPL NO)
LC control number ENG-99763
020 ## - INTERNATIONAL STANDARD BOOK NUMBER
Terms of availability 35.00
International Standard Book Number 9788172086664
035 ## - SYSTEM CONTROL NUMBER
System control number EN-83295
037 ## - SOURCE OF ACQUISITION
Source of stock number/acquisition DBAD / PUB
082 ## - DEWEY DECIMAL CLASSIFICATION NUMBER
Classification number 230.35
100 ## - MAIN ENTRY--PERSONAL NAME
Personal name Kamaraju, Anil Kumar
245 ## - TITLE STATEMENT
Title Alarm bells! divine:
Statement of responsibility, etc by Anil Kumar Kamaraju
Remainder of title talks in Prasanthi Nilayam /
260 ## - PUBLICATION, DISTRIBUTION, ETC. (IMPRINT)
Place of publication, distribution, etc Prasanthi Nilayam
Name of publisher, distributor, etc Sri Sathya Sai Sadhana Trust Publications
Date of publication, distribution, etc 2009
270 ## - ADDRESS
Address Prasanthi Nilayam
City Prasanthi Nilayam
Postal code 515134
300 ## - PHYSICAL DESCRIPTION
Extent 283p.
Dimensions 22cm (pbk)
600 ## - SUBJECT ADDED ENTRY--PERSONAL NAME
Personal name Baba Visakha Singh
General subdivision Biography.
700 ## - ADDED ENTRY--PERSONAL NAME
9 (RLIN) 10254
942 ## - ADDED ENTRY ELEMENTS (KOHA)
Source of classification or shelving scheme Dewey Decimal Classification
Item type English Books
Call number suffix KAM
Classification part 230.35
Holdings
Withdrawn status Lost status Not for loan Collection code Home library Current library Date acquired Source of acquisition Cost, normal purchase price Full call number Barcode Copy number Cost, replacement price Koha item type
    Not For Loan Non-fiction D.B.Act.Division D.B.Act.Division 12/08/2010 DBAD/PUB 35.00 230.35 KAM EN-83295 1 35.00 English Books

© Delhi Public Library
Hit Counter
free hit counter